00696nam a22001697a 4500003000200000005001700002008004100019050002200060100002800082245014800110260007300258300003000331504005200361650003600413650003300449650004400482020250109115220.0250109b xxu||||| |||| 00| 0 eng d aBF 637b.C37 2024 aCastillo, Eliza Monique aResilience and decision making competence as correlates to early life stress of young adults who belong to broken homescEliza Monique Castillo aLas Piñas CitybSouthville International School and Collegesc2024 axxxii, 727 pages ;c29cm. aIncludes bibliographical references and index.  aResilience (Personality trait). aYoung adults — Psychology. aBroken homes — Psychological aspects.